000 00394nam a2200145Ia 4500
005 20250729165747.0
008 250729s2013 xx 000 0 und d
041 _akan
082 _a900.7 RAJI
100 _aRaju G
_9232313
245 _aVishayadaritha Bodhanapaddathi Ithihasa mattu pouranithi
260 _aGadag
_bVidyanidhi Prakashana
_c2013
300 _a180p
650 _aHistory
_9232314
999 _c239720
_d239720